[Event "AUTO-MASTER-3276"]
[Site "http://www.queenalice.com/game.php?id=1861148"]
[Date "2025.8.5"]
[Round "1"]
[White "stoyan1"]
[Black "Zero007"]
[Result "0-1"]
[WhiteElo "2127"]
[BlackElo "2022"]

1. d4 d5 2. c4 e6 3. e3 Nf6 4. Nf3 dxc4 5. Qa4+ Bd7 6. Qxc4 Be7 7. Bd3 O-O 8.
Nc3 c6 9. O-O Na6 10. a3 b5 11. Qb3 h6 12. Ne5 Bd6 13. Qd1 Rb8 14. Nxd7 Qxd7 15.
e4 Bc7 16. Be3 Rfd8 17. Qd2 Ng4 18. h3 Nxe3 19. fxe3 Nc5 20. Bc2 Qe7 21. Qf2 Nd7
22. b4 Nf8 23. e5 a5 24. Qe2 axb4 25. axb4 Qxb4 26. Ne4 Ra8 27. Qg4 Rxa1 28.
Rxa1 Qb2 29. Nf6+ Kh8 30. Nh5 Qxa1+ 31. Kh2 Bxe5+ 32. dxe5 Qxe5+ 33. Ng3 f5 34.
Qf3 c5 35. Kg1 Nh7 36. e4 Ng5 37. Qh5 Qxg3 38. exf5 Nxh3+ 39. Qxh3 Qxh3 40. gxh3
exf5 41. Bxf5 b4 42. Kf2 Rf8 0-1

[Event "AUTO-MASTER-3276"]
[Site "http://www.queenalice.com/game.php?id=1861169"]
[Date "2025.8.5"]
[Round "1"]
[White "chessman"]
[Black "stoyan1"]
[Result "0-1"]
[WhiteElo "2054"]
[BlackElo "2113"]

1. e4 e5 2. Nf3 d6 3. d4 exd4 4. Nxd4 a6 5. Nc3 g6 6. Bc4 b5 7. Bb3 Bg7 8. Be3
Ne7 9. O-O c5 10. Bxf7+ Kxf7 11. Qf3+ Ke8 12. Nb3 Rf8 13. Qg3 Be5 14. Qg5 Nec6
15. Qh6 Qd7 16. f4 Bh8 17. Rad1 Qc7 18. e5 Qg7 19. Qxg7 Bxg7 20. exd6 c4 21. Nd4
Bd7 22. Nd5 Kd8 23. Nc7 Ra7 24. Nxc6+ Nxc6 25. Bxa7 Nxa7 26. c3 a5 27. Rfe1 b4
28. Nd5 bxc3 29. Nxc3 Bxc3 30. bxc3 Rxf4 31. Re7 Nb5 32. Rc1 Rf6 33. Rxh7 Rxd6
34. Rh4 Be6 35. a4 Na3 36. Rh7 Bf5 37. Ra7 Rd5 38. Re1 Nc2 39. Rf1 Ne3 40. Re1
Nd1 41. Rf1 Nxc3 42. g4 Bd7 43. Rf6 Nxa4 44. Rxg6 c3 0-1

[Event "AUTO-MASTER-3276"]
[Site "http://www.queenalice.com/game.php?id=1861170"]
[Date "2025.8.5"]
[Round "1"]
[White "stoyan1"]
[Black "chessman"]
[Result "0-1"]
[WhiteElo "2137"]
[BlackElo "1993"]

1. e4 e6 2. Nf3 d5 3. e5 c5 4. c3 Nc6 5. Bb5 Bd7 6. a4 Nge7 7. O-O a6 8. Bd3 Qc7
9. Re1 Ng6 10. Bc2 Ncxe5 11. Nxe5 Nxe5 12. d4 Ng6 13. a5 Rc8 14. dxc5 Bxc5 15.
b4 Ba7 16. Ba4 O-O 17. Be3 Bxe3 18. Rxe3 Bxa4 19. Rxa4 Rfd8 20. Re1 Qc4 21. Qd4
e5 22. Qxc4 dxc4 23. Ra2 f6 24. Nd2 Nf4 25. Rc2 Nd3 26. Ne4 Nxe1 0-1

[Event "AUTO-MASTER-3281"]
[Site "http://www.queenalice.com/game.php?id=1863098"]
[Date "2025.9.18"]
[Round "1"]
[White "Castling"]
[Black "stoyan1"]
[Result "0-1"]
[WhiteElo "1935"]
[BlackElo "2122"]

1. e4 e5 2. Bc4 Nf6 3. d3 Bc5 4. h3 c6 5. Bg5 h6 6. Bh4 g5 7. Bg3 d6 8. Nc3 a6
9. a3 Nbd7 10. Nf3 Nh5 11. Nxe5 Nxg3 12. Nxf7 Bxf2+ 13. Kd2 Qf6 14. Nxh8 Qf4#
0-1

[Event "AUTO-MASTER-3281"]
[Site "http://www.queenalice.com/game.php?id=1863099"]
[Date "2025.9.18"]
[Round "1"]
[White "stoyan1"]
[Black "Castling"]
[Result "1-0"]
[WhiteElo "2082"]
[BlackElo "1904"]

1. f4 Nc6 2. Nf3 h6 3. e4 d5 4. e5 Bg4 5. h3 Bh5 6. c3 e6 7. g4 Bg6 8. d4 Be7 9.
Nbd2 Be4 10. Nxe4 dxe4 11. Nh2 Bh4+ 12. Ke2 Qd5 13. Bg2 Qc4+ 14. Ke3 Qd3+ 15.
Qxd3 exd3 16. Kxd3 Be7 17. Nf3 O-O-O 18. Be3 f6 19. exf6 Nxf6 20. Ne5 Nxe5+ 21.
fxe5 Nd5 22. Bxd5 exd5 23. Raf1 Rdf8 24. Rf4 Bg5 25. Rxf8+ Rxf8 26. Bxg5 hxg5
27. Ke3 Kd7 28. Rh2 Ke6 29. Rf2 Rxf2 30. Kxf2 g6 31. Ke3 a5 32. a3 b5 33. b3 c6
34. Kd3 Ke7 35. a4 Kd7 36. axb5 cxb5 37. c4 bxc4+ 38. bxc4 Ke6 39. cxd5+ Kxd5
40. Kc3 a4 41. Kb4 a3 42. Kxa3 Ke6 43. Kb4 Kd5 44. Kb5 Ke6 45. Kc6 1-0

[Event "AUTO-MASTER-3281"]
[Site "http://www.queenalice.com/game.php?id=1863114"]
[Date "2025.9.18"]
[Round "1"]
[White "stoyan1"]
[Black "JailtonMaster"]
[Result "0-1"]
[WhiteElo "2106"]
[BlackElo "2144"]

1. f4 d5 2. d3 Nc6 3. b3 e5 4. fxe5 Nxe5 5. Bb2 Bd6 6. g3 Nf6 7. Bg2 O-O 8. Nd2
c5 9. Ndf3 Qc7 10. Qd2 Bg4 11. O-O-O Rfd8 12. h3 Bh5 13. Kb1 c4 14. d4 Ne4 15.
Qe1 Nxf3 16. exf3 Bxg3 17. Qf1 Nf2 18. Ne2 Nxd1 19. Qxd1 Bd6 20. Rf1 b5 21. a3
Bg6 22. Ka2 Qa5 23. c3 Bd3 24. b4 Qc7 25. Re1 a5 26. Nc1 Bg6 27. Ne2 axb4 28.
cxb4 Bxb4 29. Nc3 Qa5 30. Qc1 Bxa3 31. Bxa3 b4 32. Nb1 Re8 33. Rxe8+ Rxe8 34.
Bf1 Re1 35. Qxe1 b3+ 0-1

[Event "AUTO-MASTER-3281"]
[Site "http://www.queenalice.com/game.php?id=1863115"]
[Date "2025.9.18"]
[Round "1"]
[White "JailtonMaster"]
[Black "stoyan1"]
[Result "1-0"]
[WhiteElo "2152"]
[BlackElo "2117"]

1. d4 d6 2. c4 c5 3. Nf3 cxd4 4. Nxd4 Nc6 5. e3 e5 6. Nxc6 bxc6 7. Nc3 Nf6 8.
Bd3 Bb7 9. O-O Qc7 10. b4 Be7 11. Qc2 a6 12. Bd2 Rc8 13. a4 h5 14. b5 c5 15.
Rfb1 a5 16. Ne4 Qb6 17. Ng3 h4 18. Nf5 e4 19. Nxe7 exd3 20. Nxc8 Bxc8 21. Qxd3
Kd7 22. Qc3 Kc7 23. Qxa5 Bf5 24. Rb2 Ne4 25. Qxb6+ Kxb6 26. a5+ Ka7 27. Be1 Rb8
28. a6 Rb6 29. Ba5 1-0

[Event "AUTO-MASTER-3281"]
[Site "http://www.queenalice.com/game.php?id=1863116"]
[Date "2025.9.18"]
[Round "1"]
[White "stoyan1"]
[Black "raulzampronha"]
[Result "0-1"]
[WhiteElo "2093"]
[BlackElo "2226"]

1. e4 c5 2. Nf3 Nc6 3. Bc4 e6 4. O-O Nf6 5. e5 d5 6. exf6 dxc4 7. fxg7 Bxg7 8.
c3 e5 9. Re1 O-O 10. b3 Be6 11. Na3 cxb3 12. axb3 Qd7 13. h3 Rad8 14. Bb2 f5 15.
Nc4 e4 16. Nh2 Bxc4 17. bxc4 Qxd2 18. Qxd2 Rxd2 19. Rab1 b6 20. Nf1 Rd3 21. Ng3
Ne5 22. Nh5 Nxc4 23. Nxg7 Kxg7 24. Ba1 Kf6 25. Rbd1 Rfd8 26. Rc1 Ke5 27. Rc2 Rd1
28. Re2 Rxe1+ 29. Rxe1 Rd2 30. f3 e3 31. Kf1 Kf4 32. Re2 Kg3 33. Ke1 Rxe2+ 0-1

[Event "AUTO-MASTER-3281"]
[Site "http://www.queenalice.com/game.php?id=1863117"]
[Date "2025.9.18"]
[Round "1"]
[White "raulzampronha"]
[Black "stoyan1"]
[Result "1-0"]
[WhiteElo "2167"]
[BlackElo "2128"]

1. e4 e5 2. Nf3 Nc6 3. d4 exd4 4. Nxd4 Qf6 5. Be3 Bc5 6. c3 d6 7. Be2 Ne5 8. O-O
Nc4 9. Bxc4 Ne7 10. Nb5 O-O 11. Nxc7 Rb8 12. Bxc5 dxc5 13. Nd5 Nxd5 14. Bxd5 Qg6
15. f4 Be6 16. f5 Bxf5 17. Rxf5 Kh8 18. Nd2 b5 19. Nf3 f6 20. Qd2 Rfe8 21. Rf1
1-0

[Event "AUTO-MASTER-3284"]
[Site "http://www.queenalice.com/game.php?id=1864051"]
[Date "2025.10.10"]
[Round "1"]
[White "raulzampronha"]
[Black "stoyan1"]
[Result "1-0"]
[WhiteElo "2236"]
[BlackElo "2080"]

1. e4 e5 2. Nf3 d6 3. d4 exd4 4. Nxd4 Be7 5. Nc3 Bd7 6. Bf4 Nc6 7. Qd2 h6 8.
O-O-O g5 9. Be3 Nxd4 10. Bxd4 f6 11. h4 g4 12. f4 c5 13. Be3 h5 14. f5 b5 15.
Bxb5 Rb8 16. Bxd7+ Qxd7 17. Nd5 Qc6 18. Bf4 Bf8 19. Qc3 Bh6 20. Bxh6 Rxh6 21.
Kb1 Kf7 22. Qc4 Rb4 23. Nxb4+ d5 24. Rxd5 1-0

[Event "AUTO-MASTER-3284"]
[Site "http://www.queenalice.com/game.php?id=1864052"]
[Date "2025.10.10"]
[Round "1"]
[White "stoyan1"]
[Black "raulzampronha"]
[Result "0-1"]
[WhiteElo "2100"]
[BlackElo "2239"]

1. e4 c5 2. Nf3 e6 3. c3 d5 4. exd5 Qxd5 5. Bb5+ Nc6 6. d3 Nf6 7. c4 Qd6 8. O-O
Be7 9. Nc3 O-O 10. Ng5 Rd8 11. Bxc6 Qxc6 12. Qe2 b6 13. Nce4 Bb7 14. f3 Rd7 15.
Nxf6+ Bxf6 16. Ne4 Bd4+ 17. Kh1 Rad8 18. Rd1 a6 19. Rb1 b5 20. b3 b4 21. Bb2
Bxb2 22. Rxb2 Qc7 23. Rbd2 a5 24. Qe3 Rd4 25. Kg1 a4 26. Ng3 axb3 27. axb3 R4d7
28. Ne2 e5 29. f4 Qc6 30. Nc1 exf4 31. Qf2 g5 32. h3 Kg7 33. h4 h6 34. d4 Rxd4
35. Rxd4 Rxd4 36. Rxd4 cxd4 37. Qxd4+ f6 38. Qd5 Qxd5 39. cxd5 Bxd5 40. hxg5
fxg5 41. Kf2 Kf6 42. g3 fxg3+ 43. Kxg3 h5 44. Nd3 h4+ 45. Kh2 Bxb3 46. Nxb4 g4
47. Nd3 Kf5 48. Ne1 Bd5 49. Nc2 Kf4 50. Ne1 Be4 51. Kg1 Ke3 52. Ng2+ Bxg2 53.
Kxg2 g3 54. Kf1 Kf3 0-1

[Event "AUTO-MASTER-3284"]
[Site "http://www.queenalice.com/game.php?id=1864069"]
[Date "2025.10.10"]
[Round "1"]
[White "stoyan1"]
[Black "JailtonMaster"]
[Result "1/2-1/2"]
[WhiteElo "2089"]
[BlackElo "2184"]

1. e4 e5 2. Nf3 Nc6 3. Bc4 Bc5 4. d3 Nf6 5. O-O d6 6. c3 O-O 7. Be3 Bxe3 8. fxe3
Be6 9. Bb5 Bd7 10. Nbd2 Ng4 11. Qe2 a6 12. Bc4 b5 13. Bd5 Rb8 14. h3 Nf6 15. Bb3
Na5 16. Bc2 c5 17. b3 Qe7 18. b4 Nc6 19. a3 a5 20. bxc5 dxc5 21. d4 exd4 22.
exd4 cxd4 23. cxd4 b4 24. axb4 axb4 25. Bb3 Qd6 26. e5 Qe7 27. Qd3 Nh5 28. Ne4
Nf4 29. Qd2 Ng6 30. Nd6 Nh4 31. Nxh4 Qxh4 32. Nxf7 Nxd4 33. Nh6+ Kh8 34. Nf7+
Kg8 35. Nh6+ Kh8 36. Nf7+ Rxf7 37. Bxf7 Bb5 38. Qf2 Qe4 39. Rae1 Ne2+ 40. Kh1
Qxe5 41. Qf3 Ng3+ 42. Kg1 Ne2+ 43. Rxe2 Bxe2 44. Re1 Qc5+ 45. Qf2 Qxf2+ 46. Kxf2
Bd3 47. Bb3 Rf8+ 48. Ke3 Re8+ 49. Kd2 Rd8 50. Kc1 Rc8+ 51. Kd2 Bf5 52. Re5 Bg6
53. Rb5 Rd8+ 54. Kc1 Rc8+ 55. Kb2 Rd8 56. Rxb4 h6 57. Rg4 Bf5 58. Rg3 Rd2+ 59.
Kc3 Rd8 60. Re3 Rc8+ 61. Kd2 Rd8+ 1/2-1/2

[Event "AUTO-MASTER-3284"]
[Site "http://www.queenalice.com/game.php?id=1864070"]
[Date "2025.10.10"]
[Round "1"]
[White "JailtonMaster"]
[Black "stoyan1"]
[Result "1/2-1/2"]
[WhiteElo "2208"]
[BlackElo "2095"]

1. d4 d5 2. c4 dxc4 3. Nf3 Bg4 4. e3 b5 5. a4 c6 6. axb5 cxb5 7. Nc3 Qb6 8. Be2
Na6 9. Nd5 Qd6 10. Rxa6 Qxd5 11. O-O h5 12. Ne5 Rh6 13. Rxh6 Nxh6 14. Nxg4 hxg4
15. Bxg4 Nxg4 16. Qxg4 f5 17. Qg6+ Kd7 18. Bd2 Qe6 19. Qg3 g6 20. Qf3 Rb8 21.
Ra1 a6 22. d5 Qe4 23. Qxe4 fxe4 24. Rxa6 Bg7 25. Bc3 Bxc3 26. bxc3 b4 27. cxb4
Rxb4 28. g3 c3 29. Rc6 Rb3 30. Kf1 e6 31. Ke2 g5 32. Rxe6 Rb2+ 33. Kd1 Rd2+ 34.
Kc1 Rxf2 35. Rxe4 Rxh2 36. Rg4 Re2 37. e4 Kd6 38. Kd1 Rd2+ 39. Kc1 Ke5 40. d6
Kf6 41. e5+ Kf5 42. e6 Rxd6 43. Rc4 Rxe6 44. g4+ Kg6 1/2-1/2

[Event "AUTO-MASTER-3284"]
[Site "http://www.queenalice.com/game.php?id=1864071"]
[Date "2025.10.10"]
[Round "1"]
[White "stoyan1"]
[Black "IranSilva"]
[Result "0-1"]
[WhiteElo "2091"]
[BlackElo "2227"]

1. e4 e5 2. Nf3 Nc6 3. c3 Bc5 4. Bc4 Nf6 5. Ng5 O-O 6. b4 Bb6 7. Qb3 Qe7 8. O-O
h6 9. a4 a5 10. b5 Nd8 11. Nf3 d6 12. d4 Bg4 13. Nbd2 Bxf3 14. Nxf3 Ne6 15. d5
Nc5 16. Qc2 Nfxe4 17. Be3 f5 18. Nd2 Nxd2 19. Bxd2 f4 20. Kh1 Qh4 21. Bd3 Nxd3
22. Qxd3 Bxf2 23. Qf3 Bg3 24. h3 g5 25. Be1 h5 26. Qd3 Kg7 27. Bxg3 fxg3 28.
Rxf8 Rxf8 29. c4 g4 30. Rf1 gxh3 31. Rxf8 hxg2+ 32. Kxg2 Qh2+ 33. Kf3 Qf2+ 34.
Ke4 Kxf8 0-1

[Event "AUTO-MASTER-3284"]
[Site "http://www.queenalice.com/game.php?id=1864072"]
[Date "2025.10.10"]
[Round "1"]
[White "IranSilva"]
[Black "stoyan1"]
[Result "1-0"]
[WhiteElo "2255"]
[BlackElo "2079"]

1. Nf3 Nc6 2. g3 e5 3. d3 d5 4. Bg2 Bd6 5. e4 dxe4 6. dxe4 Bg4 7. h3 Bxf3 8.
Bxf3 Nf6 9. Nc3 Nd4 10. Bg2 c6 11. Be3 Bc5 12. O-O Qc7 13. Qc1 b5 14. a3 O-O 15.
Re1 a5 16. Ne2 Rfd8 17. Nxd4 Bxd4 18. c3 Bxe3 19. Qxe3 Rd6 20. Rad1 Rad8 21.
Rxd6 Rxd6 22. Re2 h6 23. Qc5 Nd7 24. Qe3 c5 25. b4 axb4 26. axb4 c4 27. Rd2 Rxd2
28. Qxd2 Nf8 29. Qd5 Nd7 30. Qxb5 f6 31. Bf1 Nb6 32. Be2 Kh7 33. h4 g6 34. h5
gxh5 35. Bxh5 Nd7 36. Qd5 Nb6 37. Qe6 Na4 38. Qxf6 Qg7 39. Qf5+ Kh8 40. Be2 Qg5
41. Qf8+ Qg8 42. Qxh6+ Qh7 43. Qxh7+ Kxh7 44. Bxc4 Nxc3 45. b5 Na4 46. f4 exf4
47. gxf4 Kg6 48. Kf2 Nb6 49. Bb3 Kf6 50. Ke3 Ke7 51. Kd4 Kd6 52. e5+ 1-0

[Event "Challenge"]
[Site "http://www.queenalice.com/game.php?id=1864089"]
[Date "2025.10.10"]
[Round "-"]
[White "jogo"]
[Black "stoyan1"]
[Result "0-1"]
[WhiteElo "1753"]
[BlackElo "2093"]

1. e4 e5 2. Nf3 Nf6 3. c3 Nc6 4. Qa4 d6 5. Qc2 Bg4 6. Be2 Be6 7. Ng5 h6 8. Nxe6
fxe6 9. f3 Qe7 10. b4 a6 11. Qa4 Qd8 12. b5 Ne7 13. bxa6+ Qd7 14. Qxd7+ Nxd7 15.
axb7 Rb8 16. Ba6 Nc5 17. Ke2 Nxa6 18. d4 exd4 19. cxd4 Rxb7 20. Nc3 Nc6 21. Rd1
Be7 22. a3 Bf6 0-1

[Event "Challenge"]
[Site "http://www.queenalice.com/game.php?id=1864090"]
[Date "2025.10.10"]
[Round "-"]
[White "stoyan1"]
[Black "jogo"]
[Result "1-0"]
[WhiteElo "2070"]
[BlackElo "1887"]

1. d4 Nf6 2. g3 e6 3. Bg2 Bb4+ 4. c3 Be7 5. Nf3 h6 6. Nbd2 O-O 7. e4 d5 8. e5
Ne4 9. Nxe4 dxe4 10. Ng1 c5 11. Bxe4 f6 12. Qb3 Qc7 13. f4 f5 14. Bg2 a5 15. a4
cxd4 16. cxd4 Bb4+ 17. Bd2 1-0

[Event "AUTO-MASTER-3290"]
[Site "http://www.queenalice.com/game.php?id=1866510"]
[Date "2025.12.4"]
[Round "1"]
[White "stoyan1"]
[Black "cerenzo72"]
[Result "0-1"]
[WhiteElo "2093"]
[BlackElo "2163"]

1. e4 e5 2. Nc3 Nf6 3. d4 exd4 4. Qxd4 Nc6 5. Qa4 Be7 6. Bf4 a6 7. Nf3 O-O 8.
Bd3 b5 9. Nxb5 d6 10. Nbd4 Nxd4 11. Nxd4 c5 12. Nf5 Bxf5 13. exf5 Rb8 14. b3 Rb4
15. Qxa6 Rxf4 16. c3 Ne4 17. f3 Nxc3 18. Kd2 Bf6 19. Rac1 Nd5 20. Be4 Nc7 21.
Qd3 d5 22. Qe3 dxe4+ 23. Kc2 Qd3+ 0-1

[Event "AUTO-MASTER-3290"]
[Site "http://www.queenalice.com/game.php?id=1866511"]
[Date "2025.12.4"]
[Round "1"]
[White "cerenzo72"]
[Black "stoyan1"]
[Result "0-1"]
[WhiteElo "2225"]
[BlackElo "2066"]

1. c4 e5 2. g3 Bc5 3. Bg2 Qf6 4. e3 c6 5. Ne2 Ne7 6. Nbc3 Na6 7. Ne4 Qg6 8. O-O
d5 9. cxd5 Nxd5 10. Nxc5 Nxc5 11. d4 exd4 12. exd4 Ne6 13. Nc3 Nxc3 14. bxc3 O-O
15. Bb2 Nc7 16. c4 Be6 17. d5 cxd5 18. cxd5 Nxd5 19. Bxd5 Rfd8 20. Qd4 Rxd5 21.
Qc3 Rc8 22. Qe3 b6 23. Rfe1 Qd3 24. Qxd3 Rxd3 25. Re2 Rcd8 26. Rae1 h6 27. h4
Rd2 28. Rxd2 Rxd2 29. Be5 Rxa2 30. Rb1 f6 31. Bd4 Kf7 32. Rc1 g5 33. hxg5 fxg5
34. Be3 Bd5 35. Kh2 Ke6 36. Kh3 Ra4 37. Re1 Kd6 38. Rd1 b5 39. f4 gxf4 40. gxf4
Ra3 0-1

[Event "AUTO-MASTER-3290"]
[Site "http://www.queenalice.com/game.php?id=1866512"]
[Date "2025.12.4"]
[Round "1"]
[White "stoyan1"]
[Black "chessman"]
[Result "1/2-1/2"]
[WhiteElo "2090"]
[BlackElo "1972"]

1. e4 e6 2. Nf3 d5 3. e5 c5 4. c3 Nc6 5. Bb5 Bd7 6. O-O Nxe5 7. Nxe5 Bxb5 8. d3
Nf6 9. Bg5 Be7 10. Bxf6 Bxf6 11. Na3 Bxe5 12. Nxb5 O-O 13. d4 cxd4 14. Nxd4 Bxd4
15. cxd4 Rc8 16. Rc1 Rxc1 17. Qxc1 Qd7 18. b3 Rc8 19. Qa3 b6 20. g3 Qc7 21. Qb2
Qc2 22. Qa3 Qc7 23. h4 h6 24. Qb2 Qc3 25. Rb1 Qxb2 26. Rxb2 Rc1+ 27. Kg2 Rd1 28.
Rc2 Rxd4 29. Rc7 Rb4 30. Rxa7 d4 31. Kf3 g6 32. Ke4 Kg7 33. Rd7 Rb5 34. Rxd4 Ra5
35. a4 b5 36. f4 bxa4 37. Rxa4 Rb5 38. b4 Kf6 39. g4 g5 40. h5 gxf4 41. Kxf4 e5+
42. Kg3 Kg5 43. Ra5 Rxb4 44. Rxe5+ Kf6 45. Rf5+ Kg7 46. g5 Rb6 47. gxh6+ Rxh6
48. Kh4 1/2-1/2

[Event "AUTO-MASTER-3290"]
[Site "http://www.queenalice.com/game.php?id=1866513"]
[Date "2025.12.4"]
[Round "1"]
[White "chessman"]
[Black "stoyan1"]
[Result "1-0"]
[WhiteElo "2118"]
[BlackElo "2080"]

1. e4 e5 2. Nf3 Nc6 3. Bc4 Bc5 4. O-O Nf6 5. d3 O-O 6. Re1 Ng4 7. Be3 Nxe3 8.
fxe3 d6 9. Qe2 Be6 10. Bb3 a5 11. a3 Bg4 12. c3 Kh8 13. Nbd2 f5 14. exf5 Rxf5
15. d4 exd4 16. exd4 Bb6 17. h3 Bxf3 18. Nxf3 h6 19. Bc2 Rf4 20. Qd3 Kg8 21.
Qh7+ Kf8 22. Bg6 Ne7 23. Rxe7 Kxe7 24. Qxg7+ Ke6 25. Bf7+ Kd7 26. Re1 Qf6 27.
Be6+ Kc6 28. Qd7# 1-0

[Event "AUTO-MASTER-3290"]
[Site "http://www.queenalice.com/game.php?id=1866514"]
[Date "2025.12.4"]
[Round "1"]
[White "stoyan1"]
[Black "Takeda"]
[Result "0-1"]
[WhiteElo "2088"]
[BlackElo "2079"]

1. e4 g6 2. Bc4 Bg7 3. Nc3 d6 4. Nf3 Nf6 5. d4 O-O 6. O-O Nxe4 7. Nxe4 d5 8. Bd3
dxe4 9. Bxe4 Bg4 10. Bxb7 Nd7 11. Bxa8 Qxa8 12. h3 Bxf3 13. gxf3 Rd8 14. c3 Nb6
15. Bf4 e5 16. Be3 exd4 17. cxd4 Nc4 18. Qc2 Nxb2 19. Qxb2 Qxf3 20. Kh2 c5 21.
Rad1 cxd4 22. Rxd4 Bxd4 23. Bxd4 Qf4+ 24. Kg2 Rxd4 25. Rc1 h5 26. Rc8+ Kh7 27.
Rc1 Rd2 0-1

[Event "AUTO-MASTER-3290"]
[Site "http://www.queenalice.com/game.php?id=1866515"]
[Date "2025.12.4"]
[Round "1"]
[White "Takeda"]
[Black "stoyan1"]
[Result "0-1"]
[WhiteElo "2122"]
[BlackElo "2072"]

1. e4 Nc6 2. d4 d5 3. exd5 Qxd5 4. Nf3 Bg4 5. Be2 O-O-O 6. c3 e5 7. c4 Qe4 8.
Nc3 Bb4 9. d5 Bxc3+ 10. bxc3 Bxf3 11. gxf3 Qh4 12. Qa4 Rxd5 13. Bg5 Ra5 14. Qxa5
Qxg5 15. Qd5 Nh6 16. Rb1 Qg6 17. Qb5 Nd8 18. Kd2 Qd6+ 19. Kc2 b6 20. Bd3 f5 21.
Rhd1 Qc5 22. Qa6+ Kb8 23. Rb5 Qxf2+ 24. Rd2 Qxf3 25. c5 Qb7 26. Qa3 c6 27. Rb4
Ng4 28. cxb6 axb6 29. Ba6 Qa7 30. Rd7 Ne3+ 31. Kb3 Qxd7 32. Rxb6+ Kc7 33. Qb4
Qd5+ 34. Ka4 Re8 35. Rb8 Qxa2+ 0-1